Normal view
MARC view
- TUTHILL, C. A
Entry Personal Name
001 - CONTROL NUMBER
- control field: 56539
003 - CONTROL NUMBER IDENTIFIER
- control field: NUST
005 - DATE AND TIME OF LATEST TRANSACTION
- control field: 20210628201726.0
008 - FIXED-LENGTH DATA ELEMENTS
- fixed length control field: 210628|| aca||aabn | a|a d
040 ## - CATALOGING SOURCE
- Original cataloging agency: NUST
- Transcribing agency: NUST
100 ## - HEADING--PERSONAL NAME
- Personal name: TUTHILL, C. A
670 ## - SOURCE DATA FOUND
- Source citation: Work cat.: (NUST): TUTHILL, C. A, HOW TO SERVICE TAPE RECORDERS, 1966
